MDQL
is popping MORE tags! Check the
thread
!
Quizzes
Events
Quiz Creation
Community
Videos
Private Events
Remove Ads
Sign In
Join for FREE
Feedback
Dark Mode
Quiz Categories
Sports
Geography
Music
Movies
Television
Just For Fun
Miscellaneous
History
Literature
Language
Science
Gaming
Entertainment
Religion
Holiday
For Kids
Quiz Lab
Recent
Popular Today
Quiz Kudos Today
Editor Picks
Curator Picks
Quizzes by...
Day
Popularity
Type
Ratings
Length
Year
Community
Subscriptions
Recent Discussions
Orange Saloon
Badges
Playlists
Quests
Create
Leaderboards
Showdown
Live 5
Trivia Bingo
Activity
Puzzle Library
Sporcle Events
Private Events
Virtual Trivia
Globe League
Become a Host
Pub Owners
SporcleCon
Opinionation
Our Games
Videos
Blog
Mobile Apps
Partnerships
Remove Ads and Go Orange
Feedback
Movies
Disney
Marvel Cinematic Universe
Movie Resume
Movie Titles
Oscar
Actor
Actress
Director
Pixar
Role
Movie Quotes
Movie Characters
Box Office
Nominee
Best Picture
Star Wars
James Bond
Horror Movies
Movies
Disney
Marvel Cinematic Universe
Movie Resume
Movie Titles
Oscar
Actor
Actress
Director
Pixar
Role
Movie Quotes
Movie Characters
Box Office
Nominee
Best Picture
Star Wars
James Bond
Horror Movies
Random Quiz
Search Sporcle
×
Quiz Lab
Quiz Lab
Movies
night
Type in answers that appear in a list
Type in answers that appear in a list
Classic
Best Score? Go Orange.
Movies with 'night' in the title Stats
Can you name the Movies with 'night' in the title?
By
EddieFelson
6m
32 Questions
456 Plays
456 Plays
456 Plays
Comments
Comments
Give Quiz Kudos
Give Quiz Kudos
-
- Ratings
hide this ad
Replay
Link that replays current quiz
Next Quiz
Link to next quiz in quiz playlist
You Got
0%
They Got
Avg Score
42%
Avg Friend Score
Upgrade to see
Score Distribution
Jump to the score distribution portion of the page
Score
0/32
Timer
06:00
0
Plays Today
Hint
Movie
% Correct
Freddy Krueger.
A Nightmare on Elm Street
85.3%
'Why so serious?'
The Dark Knight
78.7%
Travolta on the dancefloor.
Saturday Night Fever
78.5%
Ben Stiller working late.
Night at the Museum
75%
Romero's first zombie movie.
Night of the Living Dead
73.9%
Steve Carell & Tina Fey.
Date Night
73.2%
Jack Skellington.
The Nightmare Before Christmas
67.8%
Tom Cruise & Cameron Diaz.
Knight and Day
64.7%
Will Ferrell & Chris Kattan hit da clubs.
A Night at the Roxbury
62.3%
Billy Bob Thornton as a football coach.
Friday Night Lights
61%
Heath Ledger will rock you.
A Knight's Tale
58.3%
Sidney Poitier & Rod Steiger.
In the Heat of the Night
56.8%
Won the 5 big Oscars.
It Happened One Night
50.2%
Hoffman & Voight -
won 3 Oscars.
Midnight Cowboy
48.9%
2nd movie George Clooney directed.
Good Night, and Good Luck.
41.9%
Josh Hartnett fighting vamps.
30 Days of Night
38.6%
Hint
Movie
% Correct
Connery as King Arthur, Gere as Lancelot.
First Knight
35.7%
The Marx Brothers take on high society.
A Night at the Opera
34.9%
Widows beware, Robert Mitchum is here.
The Night of the Hunter
30.5%
Phoenix & Wahlberg vs Russian gangsters.
We Own the Night
26.3%
Chris Sarandon in classic 80's vamp flick.
Fright Night
25.9%
Robert De Niro & Charles Grodin.
Midnight Run
24.6%
Rob Lowe & Demi Moore.
About Last Night...
24.1%
Ron Howard directed Keaton and Winkler.
Night Shift
23.2%
Horror with Jamie Lee Curtis (remade 2008)
Prom Night
22.1%
Eastwood directed Spacey and Cusack.
Midnight in the Garden of Good and Evil
19.7%
Bruce Willis plays color-
blind Bill Capa.
Color of Night
15.6%
Horror movie -
Killer dressed as Santa.
Silent Night, Deadly Night
15.4%
Liv Tyler as a femme fatale.
One Night at McCool's
11%
Sylvester Stallone vs Rutger Hauer.
Nighthawks
10.5%
The Hoff + KITT. (TV-
Movie)
Knight Rider 2000
8.8%
Directed by Fellini. On IMDB's Top 250.
Nights of Cabiria
7.2%
Quiz Playlist
Details
Report
Send in Message
Add To Playlist
Classic:
Type in answers that appear in a list
Last Updated: Feb 16, 2017
Quiz Scoreboard
CHALLENGE
Sign Up to Join the Scoreboard
Show All
Scores
Hide
Comments
May contain spoilers
Recently Published
Holiday 10x10 Sorting Gallery
by lukepisani3
Holiday
15m
Two Season TV Shows II
by 123Four
Television
10m
Image Sorting: Flags VI
by Barbecue
Geography
2m
More to Explore
Quiz From the Vault
Featured Blog Post
14 Easter Pick-up Lines to Find Eggs With
hide this ad
You Might Also Like...
Tags
night
Today's Top Quizzes in Movies
Browse Movies
hide this ad
Today's Top Quizzes in night
Browse night
Top Contributed Quizzes in Movies
1
The ultimate James Bond movie quiz
2
Find The 'Big' Movie
3
Find The 'Wild' Movie
4
Find The 'Blue' Movie
5
Movies By Plot
6
Hidden Star Wars Character II
7
Hidden Star Wars Character III
8
25 Best Actor Nominees (1990s)
9
Hidden Star Wars Character IV
10
Pick 5 Posters: Directed by Spielberg
Explore More
Trending Topics
Crossword
NBA
Marvel
Disney
Kpop
Harry Potter
Anime
Pokémon
The Office
Song
WWE
Country
NFL
Soccer
Puzzle
hide this ad
More By:
EddieFelson
Quiz
Plays
Rating
Category
Featured
Created
So '80s Movies
80,553
4.28
Movies
Nov 1, 2010
Movie Title Mix
70,388
4.25
Movies
Mar 4, 2011
Actors With First Names in Common
70,336
4.62
Movies
Jun 17, 2013
Movies by Last 3 Letters
45,562
4.35
Movies
Aug 3, 2013
More Actors With First Names in Common
27,687
4.36
Movies
Jul 1, 2013
Go to Creator's Profile
Score Distribution
Quiz Creator Spotlight
EddieFelson
Follow
Send a Message
Quizzes Created
-
Created Quiz Play Count
-
More By This Creator
Popular Quizzes Today
1
Find the US States - No Outlines Minefield
2
Colored Red Africa Blitz
3
Find the 'City' Movie
4
The Countries of the World
5
5x2 Blitz: Bands
6
Find the Countries of Europe - No Outlines Minefield
7
Find the US States
8
US States
More Movies Quizzes
Top 10 Box Office Stars (2000s)
Published
Trending Quizzes
Colored Red Europe Blitz I
Colored Red Africa Blitz II
Colored Red Europe Blitz II
Even More Two Season TV Shows
Colored Red Africa Blitz III
Recently Updated
Quick Pick: 20 Twenties
pecheneg
March Madness Men's Triple Doubles
pecheneg
How Do You Spell That?
pecheneg
Godzilla Movies
pecheneg
Grab Bag: 4-10 Letters
pecheneg
2024 March Madness Bracket
pecheneg
Famous TV Couples
Peacemaker
Champions League XIs: Real Madrid
pecheneg
Largest US Cities 1790-2010
pecheneg
Rides in Walt Disney World
pecheneg
Trending Topics
Kpop
Crossword
NBA
Marvel
Harry Potter
Anime
Disney
Country
Pokémon
Puzzle
Song
Soccer
NFL
The Office
WWE
Your Account Isn't Verified!
In order to create a playlist on Sporcle, you need to verify the email address you used during registration. Go to your
Sporcle Settings
to finish the process.
Report this User
Report this user for behavior that violates our
Community Guidelines
.
Details:
Send Report
Go to the Sporcle.com Mobile Site →
Comments